| 000 | 00715nam a22002177a 4500 | ||
|---|---|---|---|
| 003 | 0 | ||
| 005 | 20250829114149.0 | ||
| 008 | 250829b xxu||||| |||| 00| 0 eng d | ||
| 020 | _a978-1-350-25856-3 | ||
| 050 |
_aNC 997 _b.S73 2024 |
||
| 100 |
_aSteane, Jamie, _eauthor. |
||
| 245 |
_aThe Principles and processes of interactive design / _cJamie Steane. |
||
| 250 | _aSecond edition. | ||
| 260 |
_aLondon : _bBloomsbury Visual Arts, _c2024. |
||
| 300 |
_a243 pages : _bcolored illustrations ; _c27 cm. |
||
| 504 | _aIncludes bibliographical references and index. | ||
| 650 |
_aInteractive media _xDesign. |
||
| 650 |
_aVisual communication _xDigital techniques. |
||
| 650 | _aGraphic design. | ||
| 942 |
_2lcc _cBK |
||
| 999 |
_c367681 _d367681 |
||